MDQL
is popping MORE tags! Check the
thread
!
Quizzes
Events
Quiz Creation
Community
Videos
Private Events
Remove Ads
Sign In
Join for FREE
Feedback
Dark Mode
Quiz Categories
Sports
Geography
Music
Movies
Television
Just For Fun
Miscellaneous
History
Literature
Language
Science
Gaming
Entertainment
Religion
Holiday
For Kids
Quiz Lab
Recent
Popular Today
Quiz Kudos Today
Editor Picks
Curator Picks
Quizzes by...
Day
Popularity
Type
Ratings
Length
Year
Community
Subscriptions
Recent Discussions
Orange Saloon
Badges
Playlists
Quests
Create
Leaderboards
Showdown
Live 5
Trivia Bingo
Activity
Puzzle Library
Sporcle Events
Private Events
Virtual Trivia
Globe League
Become a Host
Pub Owners
SporcleCon
Opinionation
Our Games
Videos
Blog
Mobile Apps
Partnerships
Remove Ads and Go Orange
Feedback
Movies
Disney
Marvel Cinematic Universe
Movie Resume
Movie Titles
Oscar
Actor
Actress
Director
Pixar
Role
Movie Quotes
Movie Characters
Box Office
Nominee
Best Picture
Star Wars
James Bond
Horror Movies
Movies
Disney
Marvel Cinematic Universe
Movie Resume
Movie Titles
Oscar
Actor
Actress
Director
Pixar
Role
Movie Quotes
Movie Characters
Box Office
Nominee
Best Picture
Star Wars
James Bond
Horror Movies
Random Quiz
Search Sporcle
×
Quiz Lab
Quiz Lab
Movies
Filmography
Type in answers that appear in a list
Type in answers that appear in a list
Classic
Best Score? Go Orange.
Tom Hanks Filmography Stats
Can you name the movies Tom Hanks appeared in?
By
lolmusiclol
10m
53 Questions
129 Plays
129 Plays
129 Plays
Comments
Comments
Give Quiz Kudos
Give Quiz Kudos
-
- Ratings
hide this ad
Replay
Link that replays current quiz
Next Quiz
Link to next quiz in quiz playlist
You Got
0%
They Got
Avg Score
43%
Avg Friend Score
Upgrade to see
Score Distribution
Jump to the score distribution portion of the page
Score
0/53
Timer
10:00
0
Plays Today
Year
Movie
% Correct
1994
Forrest Gump
89.9%
1988
Big
89.1%
1993
Philadelphia
81.4%
2000
Cast away
80.6%
1998
Saving private Ryan
78.3%
1998
You've got mail
75.2%
1995
Toy Story
72.1%
1999
Toy Story 2
71.3%
1993
Sleepless in Seattle
70.5%
2010
Toy Story 3
69.8%
2013
Captain Phillips
65.9%
1984
Splash
65.1%
2004
The terminal
65.1%
2006
The Da Vinci code
64.3%
2002
Catch me if you can
61.2%
2002
Road to perdition
59.7%
1995
Apollo 13
58.9%
2009
Angels & demons
58.9%
1990
Joe versus the Volcano
56.6%
2004
The Polar Express
55.8%
1984
Bachelor party
54.3%
1989
Turner & Hooch
54.3%
1986
The money pit
51.2%
1989
The 'Burbs
49.6%
1996
That thing you do!
48.1%
1999
The green mile
48.1%
2015
Bridge of spies
46.5%
Year
Movie
% Correct
1992
A league of their own
45%
2007
Charlie Wilson's war
44.2%
2011
Larry Crowne
44.2%
2004
The ladykillers
43.4%
2012
Cloud Atlas
43.4%
1987
Dragnet
41.9%
1985
The man with one red shoe
34.1%
1988
Punchline
34.1%
2011
Extremely loud and incredibly close
33.3%
2013
Saving Mr. Banks
33.3%
1990
The bonfire of the vanities
30.2%
1985
Volunteers
27.1%
1986
Nothing in common
22.5%
2016
A hologram for the king
20.2%
1980
He knows you're alone
14%
1992
Radio flyer
10.9%
2006
Cars
10.9%
2007
The Simpsons movie
10.1%
2009
The great Buck Howard
10.1%
1982
Mazes and monsters
8.5%
1986
Every time we say goodbye
7%
2015
Ithaca
6.2%
2004
Elvis has left the building
3.1%
2011
Hawaiian vacation
1.6%
2011
Small fry
1.6%
2012
Partysaurus Rex
1.6%
Quiz Playlist
Details
Report
Send in Message
Add To Playlist
Classic:
Type in answers that appear in a list
Last Updated: Feb 16, 2017
Quiz Scoreboard
CHALLENGE
Sign Up to Join the Scoreboard
Show All
Scores
Hide
Comments
May contain spoilers
Recently Published
Colored Red Africa Blitz
by spor1
Geography
30s
Find the 'City' Movie
by crazypaving
Movies
60s
5x2 Blitz: Bands
by SL_Kpop136
Music
30s
More to Explore
Quiz From the Vault
Featured Blog Post
14 Easter Pick-up Lines to Find Eggs With
hide this ad
You Might Also Like...
Tags
Filmography
Tom Hanks
Today's Top Quizzes in Movies
Browse Movies
hide this ad
Today's Top Quizzes in Filmography
Browse Filmography
Top Contributed Quizzes in Movies
1
Find The 'Big' Movie
2
Find The 'Wild' Movie
3
Find The 'Blue' Movie
4
Movies By Plot
5
Hidden Star Wars Character II
6
Pick 5 Posters: Directed by Spielberg
7
The ultimate James Bond movie quiz
8
Hidden Star Wars Character III
9
Hidden Star Wars Character IV
10
25 Best Actor Nominees (1990s)
Explore More
Trending Topics
Kpop
Harry Potter
NBA
Marvel
Disney
Anime
Crossword
Country
Song
WWE
Soccer
Puzzle
NFL
The Office
Pokémon
hide this ad
More By:
lolmusiclol
Quiz
Plays
Rating
Category
Featured
Created
'Irreplaceable' Lyrics
21,767
4.50
Music
Jul 29, 2015
'Black magic' Lyrics by Little Mix
7,186
4.93
Music
Jul 5, 2015
'One last time' Lyrics by Ariana Grande
6,799
4.91
Music
Jul 5, 2015
'Treat you better' Lyrics by Shawn Mendes
6,130
4.67
Music
Aug 4, 2016
'Thinking out loud' Lyrics by Ed Sheeran
6,009
4.57
Music
Jan 1, 2015
Go to Creator's Profile
Score Distribution
Quiz Creator Spotlight
lolmusiclol
Follow
Send a Message
Quizzes Created
-
Created Quiz Play Count
-
More By This Creator
Popular Quizzes Today
1
Colored Red Africa Blitz
2
Find the US States - No Outlines Minefield
3
Find the 'City' Movie
4
5x2 Blitz: Bands
5
The Countries of the World
6
Find the US States
7
Find the Countries of Europe - No Outlines Minefield
8
US States
More Movies Quizzes
Find the Australian Movie Characters
Curator's Pick
Trending Quizzes
Colored Red Europe Blitz I
Colored Red Europe Blitz II
Colored Red Africa Blitz II
Colored Red Europe Blitz III
Colored Red Africa Blitz III
Recently Updated
How Do You Spell That?
pecheneg
Godzilla Movies
pecheneg
Grab Bag: 4-10 Letters
pecheneg
2024 March Madness Bracket
pecheneg
Famous TV Couples
Peacemaker
Champions League XIs: Real Madrid
pecheneg
Largest US Cities 1790-2010
pecheneg
Rides in Walt Disney World
pecheneg
Most Oscar Losses (Acting)
pecheneg
Beyoncé Albums
pecheneg
Trending Topics
Kpop
Harry Potter
NBA
Crossword
Disney
Anime
Marvel
Country
Puzzle
Song
NFL
The Office
Pokémon
WWE
Soccer
Your Account Isn't Verified!
In order to create a playlist on Sporcle, you need to verify the email address you used during registration. Go to your
Sporcle Settings
to finish the process.
Report this User
Report this user for behavior that violates our
Community Guidelines
.
Details:
Send Report
Go to the Sporcle.com Mobile Site →
Comments